000 00298nam a2200133Ia 4500
008 190216s9999||||xx |||||||||||||| ||und||
100 _aPaul R R
245 0 _aClassical Political Economy
250 _a2nd Ed.
260 _bKalyani Pub
_c1992
300 _a389
650 _aEconomics
942 _cBK
999 _c9084
_d9084